Dictionary of mythology : (Record no. 6030)

MARC details
000 -LEADER
fixed length control field 00594nam a22001937a 4500
003 - CONTROL NUMBER IDENTIFIER
control field OSt
005 - DATE AND TIME OF LATEST TRANSACTION
control field 20251121162342.0
008 - FIXED-LENGTH DATA ELEMENTS--GENERAL INFORMATION
fixed length control field 251121b |||||||| |||| 00| 0 eng d
020 ## - INTERNATIONAL STANDARD BOOK NUMBER
International Standard Book Number 0-440-20848-3.
040 ## - CATALOGING SOURCE
Original cataloging agency DWCL-Main lib.
Transcribing agency OC
082 ## - DEWEY DECIMAL CLASSIFICATION NUMBER
Classification number GR. 398.2 Ev92d 1970
100 ## - MAIN ENTRY--PERSONAL NAME
Personal name Bergen, Evans
245 ## - TITLE STATEMENT
Title Dictionary of mythology :
Remainder of title mainly classical/
Statement of responsibility, etc. Evans Bergen
260 ## - PUBLICATION, DISTRIBUTION, ETC.
Place of publication, distribution, etc. N. Y. :
Name of publisher, distributor, etc. Dell Publishing
Date of publication, distribution, etc. , c1970.
300 ## - PHYSICAL DESCRIPTION
Extent xvii, 310 p. ;
Dimensions 17 cm.
504 ## - BIBLIOGRAPHY, ETC. NOTE
Bibliography, etc. note Includes bibliographical references and index.
650 ## - SUBJECT ADDED ENTRY--TOPICAL TERM
Topical term or geographic name entry element Mythology-Dictionaries.
942 ## - ADDED ENTRY ELEMENTS (KOHA)
Source of classification or shelving scheme Dewey Decimal Classification
Koha item type General Reference
Classification part GR.
Suppress in OPAC No
952 ## - LOCATION AND ITEM INFORMATION (KOHA)
--
Holdings
Withdrawn status Lost status Source of classification or shelving scheme Damaged status Not for loan Home library Current library Shelving location Date acquired Source of acquisition Cost, normal purchase price Total Checkouts Full call number Barcode Date last seen Copy number Price effective from Koha item type Uniform Resource Identifier
    Dewey Decimal Classification     College Library College Library General Reference 06/23/2008 School Fund 329.00   GR. 398.2 Ev92d 1970 CL45976 11/21/2025 c1 11/21/2025 GR